Представление документа в формате RUSMARC

ПолеНазваниеЗначение
  Тип записи i
  Библиографический уровень m
001 Контрольный номер RU/IS/BASE/542738040
005 Дата корректировки 20260602141241.6
010 Индекс ISBN __
a ISBN (в кор.)
d Цена 240-00
100 Данные общей обработки __
a Данные общей обработки 19170313d2008||||||| 0rusy0189 ca
101 Язык документа 0_
a Язык текста rus
102 Страна публикации __
a Страна публикации ru
105 Кодированные данные (монография) __
a Кодированные данные (монография) nn|||||||f|zy
200 Заглавие и сведения об ответственности 1_
a Заглавие Уцелевший
e Сведения, относящиеся к заглавию [роман : 16+]
f Первые сведения об ответственности Чак Паланик ; читает Александр Андриенко
b Общее обозначение материала Звукозапись
210 Выходные данные __
a Место издания Москва
c Издательство Аудиокнига
d Дата издания 2008
215 Физическое описание __
a Объем 1 электрон. опт. диск (Audio CD)
225 Серия __
a Серия Бестселлер
300 Общие примечания __
a Общие примечания Заглавие с этикетки диска
323 Примечание о главных создателях, исполнителях, участниках __
a Примечание о главных создателях, исполнителях, участниках Андриенко, А. (читает)
330 Аннотация __
a Аннотация Зарубежный роман популярного писателя. Это история об уцелевшем фанатике-самоубийце, состоявшего в секте. Он суперзвезда, он пророк, он новый мессия, который захлебнулся собственной славой и теперь проклинает день, когда не смог умереть. Теперь он ведет в никуда пустой Боинг и наговаривает "черному ящику" свою исповедь. Исповедь, которую никогда не расскажет всемогущая пресса!
333 Примечание о целевом назначении __
a Примечание о целевом назначении 16+. Для детей старше 16 лет
337 Примечание о системных требованиях (электронные ресурсы) __
a Примечание о системных требованиях (электронные ресурсы) Системные требования: CD-плеер с поддержкой MP3 или Pentium-233 с Windows XP-7,8 ; CD-ROM ; звуковая карта
606 Тематические рубрики __
a Основная рубрика Художественная литература
606 Тематические рубрики __
a Основная рубрика Литература Америки (произведения)
y Географическая подрубрика США
610 Ключевые слова __
a Ключевые слова американская литература
a Ключевые слова зарубежная литература
a Ключевые слова иностранная литература
a Ключевые слова романы
a Ключевые слова тема власти
a Ключевые слова тема жестокости
a Ключевые слова тема мести
a Ключевые слова тема психологии
a Ключевые слова тема суицида
a Ключевые слова тема фанатизма
686 Индексы других классификаций __
2 Код системы rubbks
a Классификационный индекс 84(7Сое)6-445я04
700 Автор _1
a Фамилия Паланик
b Имя Ч.
f Даты 1962-
g Полное личное имя Чак
4 Код отношения 070
801 Источник записи _0
a Страна ru
b Организация Муниципальное бюджетное учреждение культуры "Централизованная библиотечная система" г. Сургут (Центральная городская библиотека им. А. С. Пушкина)
c Дата составления 20170313
g Правила каталогизации КиК/Апакова
801 Источник записи _1
a Страна ru
b Организация Муниципальное бюджетное учреждение культуры "Централизованная библиотечная система" г. Сургут (Центральная городская библиотека им. А. С. Пушкина)
c Дата составления 20170313
g Правила каталогизации КиК/Апакова
852 Данные о местонахождении __
j Шифр хранения 84(7Сое)6-445я04
i Авторский знак П 14
901 Тип документа 1_
t Тип документа 0
903 Характеристики (МАРС) __
a Дата передачи 20170313
969 Тип издания __
a Тип издания аудиокнига; издание для слепых
990 Данные о заказе (DOS) __
j Количество экземпляров (DOS) 2
t N записи в КСУ для И/У (DOS) 201703
996 Контроль за деятельностью лиц, находящихся под иностранным влиянием __
b Текстовое указание Содержит информацию о наркотических или психотропных веществах, употребление которых опасно для здоровья. Их незаконный оборот влечет уголовную ответственность (18+)